[Event "Bayernliga U20 1314"]
[Site "Bayern"]
[Date "2014.01.25"]
[Round "5.4"]
[White "Hilger, Sebastian"]
[Black "Pils, Markus"]
[Result "1/2-1/2"]
[WhiteElo "1395"]
[BlackElo "1656"]
[PlyCount "99"]
[EventDate "2013.11.16"]
[EventType "team-tourn"]
[EventRounds "7"]
[EventCountry "GER"]
[SourceTitle "EXT 2022"]
[Source "ChessBase"]
[SourceDate "2021.10.06"]
[SourceVersion "1"]
[SourceVersionDate "2021.10.06"]
[SourceQuality "1"]
[WhiteTeam "Vaterstetten SC U20"]
[BlackTeam "Weilheim U20"]
[WhiteTeamCountry "GER"]
[BlackTeamCountry "GER"]

1. e4 e5 2. Nf3 Nc6 3. d4 exd4 4. Nxd4 Nf6 5. Nc3 Bc5 6. Be3 Nxd4 7. Bxd4 Bxd4 8. Qxd4 0-0 9. 0-0-0 Qe7 10. e5 Ne8 11. Nd5 Qg5+ 12. f4 Qd8 13. g4 c6 14. Ne3 Qc7 15. h4 Qb6 16. Qd3 Qa5 17. Kb1 Nc7 18. Bg2 Qb5 19. c4 Qb4 20. Be4 b5 21. Bxh7+ Kh8 22. Bf5 bxc4 23. Nxc4 Ba6 24. b3 Nd5 25. Rc1 Rab8 26. h5 Nxf4 27. Qc3 Qxc3 28. Rxc3 Nd5 29. Rcc1 Bxc4 30. Rxc4 Ne3 31. Rd4 Nxf5 32. gxf5 Rb7 33. Rd6 f6 34. exf6 gxf6 35. Rg1 Rb5 36. Rxd7 Rxf5 37. Rxa7 Rxh5 38. Rc7 c5 39. Rc1 f5 40. R7xc5 Rh7 41. Rf1 f4 42. Rg5 Rg7 43. Rgg1 Kh7 44. Kc2 Rg6 45. Kd3 Kh6 46. Ke4 Re6+ 47. Kf3 Re3+ 48. Kf2 Ra8 49. Ra1 Rc8 50. Rgc1 1/2-1/2

[Event "Landesliga U20 Sued 1112"]
[Site "Bayern"]
[Date "2011.12.03"]
[Round "3.3"]
[White "Baiter, Christoph"]
[Black "Hilger, Sebastian"]
[Result "1-0"]
[WhiteElo "1545"]
[BlackElo "1290"]
[PlyCount "79"]
[EventDate "2011.11.12"]
[EventType "team-tourn"]
[EventRounds "7"]
[EventCountry "GER"]
[SourceTitle "EXT 2022"]
[Source "ChessBase"]
[SourceDate "2021.10.06"]
[SourceVersion "1"]
[SourceVersionDate "2021.10.06"]
[SourceQuality "1"]
[WhiteTeam "Kriegshaber SK U20"]
[BlackTeam "Vaterstetten SC U20 II"]
[WhiteTeamCountry "GER"]
[BlackTeamCountry "GER"]

1. d4 d5 2. Nf3 Nc6 3. Bf4 Bg4 4. Nbd2 Nf6 5. e3 e6 6. a3 Bd6 7. Bxd6 cxd6 8. Bd3 0-0 9. 0-0 e5 10. Be2 e4 11. Ne1 Bxe2 12. Qxe2 Rc8 13. c3 Na5 14. Nc2 Nc4 15. Rab1 a5 16. b3 Nxd2 17. Qxd2 Qc7 18. a4 Qxc3 19. Qxc3 Rxc3 20. Na3 Ne8 21. Rfc1 Rxc1+ 22. Rxc1 f5 23. Nb5 Rf7 24. Rc8 Rf8 25. Rb8 h6 26. Rxb7 g5 27. Ra7 f4 28. Rxa5 Nf6 29. h3 Rd8 30. b4 Kf7 31. Nc7 Rd7 32. Nxd5 Nxd5 33. Rxd5 Ke6 34. Rb5 Rc7 35. a5 Rc1+ 36. Kh2 Rc2 37. exf4 gxf4 38. a6 e3 39. fxe3 fxe3 40. a7 1-0